Geography Quiz

Random Geography or Flags Quiz

Rediculous Flags Quiz Stats

Quiz Updated Apr 25, 2018

Also try: Purplexing Flags
Challenge
Share
Tweet
Score 0/25 Timer 04:00
1 Play Today
% Correct
Australia
91.4%
Germany
87.7%
Lebanon
80.6%
India
80.6%
North Korea
76.5%
Iraq
75.8%
Kosovo
66.1%
Egypt
66%
Sri Lanka
64.2%
Malta
62%
Belarus
57.3%
Swaziland
53%
Kyrgyzstan
52.2%
% Correct
Dominican Republic
52.1%
Taiwan
50.7%
Philippines
49.7%
Turkmenistan
46.9%
San Marino
45.6%
Antigua and Barbuda
43%
Malawi
40.5%
Myanmar
39.4%
Nauru
39.4%
Belize
39%
Vanuatu
37.9%
Eritrea
32.7%

You're not logged in!

Compare scores with friends on all Sporcle quizzes.
Join for Free
OR
Log In

You Might Also Like...

Show Comments

Extras

Top Quizzes Today


Score Distribution

Your Account Isn't Verified!

In order to create a playlist on Sporcle, you need to verify the email address you used during registration. Go to your Sporcle Settings to finish the process.

Report this User

Report this user for behavior that violates our Community Guidelines.

Details: